Planet dalaman

Bibliographic Details
Main Author: Ardley, Neil
Other Authors: Annaz (Translated by), Nor Rizan Nordin (Translated by)
Format: Book
Published: Kuala Lumpur : Vinpress , 1993
Series:Siri cakerawala
Subjects:

MARC

LEADER 00000cam a2200000 7i4500
001 0000003866
002 000004167
005 20000330.0
020 |a 9678101556 
090 0 0 |a J 523.4   |b ARD 
100 1 |a Ardley, Neil 
245 1 0 |a Planet dalaman   |c Neil Ardley ; terjemahan oleh Annaz dan Nor Rizan Nordin 
260 |a Kuala Lumpur :   |b Vinpress ,   |c 1993 
300 |a 47 p. ;   |c 25 cm. 
490 0 |a Siri cakerawala 
650 0 0 |a Planets   |x Juvenile literature 
700 0 |a Annaz ,   |e Translated by 
700 0 |a Nor Rizan Nordin ,   |e Translated by 
999 |a 032353   |b BUKU   |c PINJAMAN   |e PERPUSTAKAAN KOMUNITI PETALING JAYA